| 000 | 00683nam a2200193Ia 4500 | ||
|---|---|---|---|
| 003 | GCL | ||
| 008 | 140319s9999 xx 000 0 ara d | ||
| 040 |
_aGCL / _cGCL |
||
| 082 | 0 | 4 |
_a904.7 _bك و |
| 100 | 1 | _aمحمد المغربى | |
| 245 | 1 | 0 |
_aوقائع ومشاهير رواية الاحداث التاريخية الكبرى باقلام شاهدى 399 ق المسيح 1986 افرنجى / _cمحمد المغربى |
| 700 | 1 | _aكارى، جون | |
| 300 | _a854 ص | ||
| 490 |
_aالهيئة العامة للاستعلامات _v0 |
||
| 650 | 0 | 4 | _aالتاريخ |
| 650 | 0 | 4 | _aالتدوين التاريخى |
| 650 | 0 | 4 | _aالتاريخ - ندوين |
| 942 |
_2ddc _cBK |
||
| 999 |
_c52157 _d52157 |
||